| Поле | Название | Значение |
| |
Тип записи |
a |
| |
Библиографический уровень |
m |
| 001 |
Контрольный номер |
RU/IS/BASE/305302106 |
| 005 |
Дата корректировки |
20201206204651.2 |
| 010 |
Индекс ISBN |
__ |
| a |
ISBN |
978-5-7695-6226-6 |
| d |
Цена |
455-58 |
| 100 |
Данные общей обработки |
__ |
| a |
Данные общей обработки |
19090629d2009 |||y0rusy0189 ca |
| 101 |
Язык документа |
__ |
| a |
Язык текста |
rus |
| c |
Язык оригинала |
rus |
| 102 |
Страна публикации |
__ |
| a |
Страна публикации |
RU |
| 105 |
Кодированные данные (монография) |
__ |
| a |
Кодированные данные (монография) |
a |||||||zy |
| 200 |
Заглавие и сведения об ответственности |
1_ |
| a |
Заглавие |
Сбор и подготовка нефти и газа |
| e |
Сведения, относящиеся к заглавию |
учеб. : для студентов высш. учеб. заведений, обучающихся по специальности "Проектирование, сооружение и эксплуатация газонефтепроводов и газонефтехранилищ" направления "Нефтегазовое дело" |
| f |
Первые сведения об ответственности |
[Земенков Ю. Д. и др.] |
| b |
Общее обозначение материала |
Текст |
| 210 |
Выходные данные |
__ |
| a |
Место издания |
М. |
| c |
Издательство |
Академия |
| d |
Дата издания |
2009 |
| 215 |
Физическое описание |
__ |
| a |
Объем |
157, [1] с. |
| c |
Иллюстрации/тип воспроизводства |
ил. |
| 225 |
Серия |
__ |
| a |
Серия |
Высшее профессиональное образование |
| i |
Наименование части |
Нефтегазовое дело |
| 225 |
Серия |
__ |
| a |
Серия |
Учебник |
| 300 |
Общие примечания |
__ |
| a |
Общие примечания |
Авт. указ. в вып. дан. |
| 320 |
Библиография |
__ |
| a |
Библиография |
Библиогр.: с. 155 (11 назв.) |
| 330 |
Аннотация |
__ |
| a |
Аннотация |
Изложены основные особенности добычи углеводородного сырья. Рассмотрены способы улучшения качества нефти и газа, принципы аппаратной реализации этих способов, процессы негативного воздействия внешних факторов на объекты транспортировки и хранения нефтепродуктов. Даны рекомендации по их защите. |
| 606 |
Тематические рубрики |
__ |
| a |
Основная рубрика |
Горное дело |
| 606 |
Тематические рубрики |
__ |
| a |
Основная рубрика |
Разработка нефтяных и газовых месторождений |
| 610 |
Ключевые слова |
__ |
| a |
Ключевые слова |
сбор нефти; сбор природного газа; углеводородное сырье; сепарация нефти; обезвоживание нефти; обессоливание нефти; утилизация углеводородов; газоконденсатные месторождения; защита трубопроводов; противокоррозийная защита; нефтяные резервуары; нефтегазовые сепараторы; нефтяные эмульсии; химический состав нефти |
| 686 |
Индексы других классификаций |
__ |
| a |
Классификационный индекс |
33.36я73 |
| 702 |
Вторичная интеллектуальная ответственность |
_1 |
| a |
Фамилия |
Земенков |
| b |
Имя |
Ю. Д. |
| 4 |
Код отношения |
Автор |
| g |
Полное личное имя |
Юрий Дмитриевич |
| 702 |
Вторичная интеллектуальная ответственность |
_1 |
| a |
Фамилия |
Маркова |
| b |
Имя |
Л. М. |
| 4 |
Код отношения |
Автор |
| g |
Полное личное имя |
Лариса Михайловна |
| 702 |
Вторичная интеллектуальная ответственность |
_1 |
| a |
Фамилия |
Прохоров |
| b |
Имя |
А. Д. |
| 4 |
Код отношения |
Автор |
| g |
Полное личное имя |
Александр Дмитриевич |
| 702 |
Вторичная интеллектуальная ответственность |
_1 |
| a |
Фамилия |
Дудин |
| b |
Имя |
С. М. |
| 4 |
Код отношения |
Автор |
| g |
Полное личное имя |
Сергей Михайлович |
| 801 |
Источник записи |
_0 |
| a |
Страна |
RU |
| b |
Организация |
Муниципальное бюджетное учреждение культуры "Централизованная библиотечная система" г. Сургут (Центральная городская библиотека им. А. С. Пушкина) |
| c |
Дата составления |
20090629 |
| g |
Правила каталогизации |
КиК/Елгина |
| 801 |
Источник записи |
_1 |
| a |
Страна |
RU |
| b |
Организация |
Муниципальное бюджетное учреждение культуры "Централизованная библиотечная система" г. Сургут (Центральная городская библиотека им. А. С. Пушкина) |
| c |
Дата составления |
20090629 |
| g |
Правила каталогизации |
КиК/Елгина |
| 852 |
Данные о местонахождении |
__ |
| j |
Шифр хранения |
33.36я73 |
| c |
Каталожный индекс |
33.36я73 |
| i |
Авторский знак |
С 23 |
| 901 |
Тип документа |
__ |
| t |
Тип документа |
m |
| 903 |
Характеристики (МАРС) |
__ |
| a |
Дата передачи |
20090910 |
| 990 |
Данные о заказе (DOS) |
__ |
| j |
Количество экземпляров (DOS) |
1 |
| t |
N записи в КСУ для И/У (DOS) |
200909 |